00763nam a2200193 a 450000100100000000500170001000800410002702000180006804000250008610000370011124501260014826000420027430000200031650400300033670000460036670000340041295201060044699900170055200004080320201002034406.0130830s2012 sp 000 0 spa d a9788469521304 aDO-SdBNPbspacBNPHU1 aVázquez Serrano, Carmen96687210aTrastornos alimentarios :banorexia /cCarmen Vázquez Serrano, Francisca socorro López López, Camen Ríos Paredes. aMadrid :bGráficas Alhambra,c2012. a75 p. ;c22 cm. aBibliografía : p. 75-761 aLópez López, Francisca Socorro9668731 aRíos Paredes, Carmen966874 0010507-18MOaGRbGRcOId2013-09-06iLF1l0o p40803-10r2020-06-25w2020-06-25y1ZNo se presta c40293d40293